| 000 | 01220nam a22002417a 4500 | ||
|---|---|---|---|
| 001 | 3250 | ||
| 003 | FISKH | ||
| 005 | 20260120120729.0 | ||
| 008 | 240222b cb ||||| |||| 00| 0 eng d | ||
| 020 | _a9780545344777 | ||
| 040 |
_aFISKH _beng _cFISKH _dFISKH |
||
| 082 | _a416 | ||
| 100 | _aRyder, Charles | ||
| 245 |
_aSitting down for Dr. King : _bA one-act play / _cby Charles Ryder ; Based on the play by Mack Lewis |
||
| 260 |
_aNew York : _bScholastic, _c2011. |
||
| 300 |
_a32 pages : _c21 cm |
||
| 505 | _aNP | ||
| 520 | _aSitting down for Dr. King was inspired by the true story of the lunch counter sit-ins of 1960. The sit-ins started on February 1, 1960, when four African American college students, inspired by Dr. King's peaceful protests, walked into a Woolworth's department store in Greensboro, North Carolina, and sat at the lunch counter. Only four days after the sit in began, 300 students participated in the peaceful protest. The sit-ins sparked protests throughout the Southern states. Today, the Greensboro sit-ins are remembered as an important event in American history. | ||
| 521 | 8 |
_a80
_bLexile |
|
| 521 | 8 |
_aNP
_bRaz-Plus |
|
| 650 | _aConversation | ||
| 942 |
_2ddc _cBK _n0 |
||
| 999 |
_c3250 _d3250 |
||